00571nam a2200145 a 45000010005000000030009000050080041000140400028000550820015000832450234000982500007003322600038003393000009003776500039003866163CO-ViMGA141112s2004 ck r 000 u spa d aCO-ViMGAbspacCO-ViMGA04a388.4 R33510aReglamento nacional de los servicios urbanos e interurbanos de transportes en automóviles ligeros : breal decreto 763/1979 de 16 de marzo, modificado por reales decretos 236/1983 de 9 de febrero y 1080/1989 del 1 de septiembre a4. aBarcelona : bBayer Hnos., c1996 a94 p14aTRANSPORTE ESPAÑOL - LEGISLACION